000 nam a22 4500
999 _c9146
_d9146
008 180412b ||||| |||| 00| 0 eng d
245 _aLumads in Bukidnon seek help.
260 _aDavao City
_bSun Star Davao
_cc2016
300 _apage 10.
650 0 _927330
_aNative peoples.
942 _2ddc
_cPER